01288cam a2200337 a 4500952015300000999001700153001000700170003000900177005001700186008004100203010001700244020001500261040002300276041000800299050002500307082002000332100004800352240004700400245008900447260005300536300002700589500005400616504005400670600004300724650003300767650003200800650004000832650002100872906004500893942001200938 00102ddc40708NFICaASLbASLcGENd2020-10-18eDonated by Professor Husniara Huql0o297.01 AHMp101857r2020-10-18 00:00:00tC-1w2020-10-18yBK c18650d18650588369BDDh-ASL20231015025723.0900618s1989 enk b 000 0 eng  a 90166878  a0718827791 aDLCcDLCdBDDh-ASL aeng00aBP195.A5bA4613 198900a297.01220bAHM1 aAhmad, Hazrat Mirza Tahird1928-2003.9150510aMaz̲hab ke nām par k̲h̲ūn.lEnglish10aMurder in the name of Allah /cMirza Tahir Ahmad ; translated by Syed Barakat Ahmad. aCambridge [England] :bLutterworth Press,c1989. axiii, 129 p. ;c23 cm. aTranslation of: Maz̲hab ke nām par k̲h̲ūn. aIncludes bibliographical references (p. 120-129).10aMaudoodi, Syed Abul ʻAla,d1903-1979. 0aAhmadiyyaxApologetic works. 0aReligious tolerancexIslam. 0aViolencexReligious aspectsxIslam. 0aApostasyxIslam. a7bcbccorignewd2encipf19gy-gencatlg 2ddccBK